000 00457nam a2200181Ia 4500
005 20240823042341.0
008 240823s9999||||xx |||||||||||||| ||und||
020 _a978-81-9049953-7-0
041 _aENGLISH
082 _A004.6 P8
100 _aSundara Rajan et al.
245 0 _aMobile Computing
250 _a1st
260 _c2008
_b"Sams Publishers,Ch"
_aChennai
500 _aTRANSFERED
650 _aNobile Computing
_bElectronics
942 _cBK
999 _c207664
_d207664